[Event "EU Union-ch U08"]
[Site "Roznov pod Radhostem"]
[Date "2024.08.11"]
[Round "7"]
[White "Dragoi, Aaron Mathias"]
[Black "Rosu, Razvan Mihai"]
[Result "1-0"]
[WhiteElo "1598"]
[BlackElo "1645"]
[PlyCount "81"]
[EventDate "2024.08.05"]
[EventType "swiss"]
[EventRounds "9"]
[EventCountry "CZE"]
[SourceTitle "EXT 2025"]
[Source "ChessBase"]
[SourceDate "2024.10.14"]
[SourceVersion "1"]
[SourceVersionDate "2024.10.14"]
[SourceQuality "1"]

1. e4 c6 2. d4 d5 3. exd5 cxd5 4. Bd3 Nc6 5. c3 Nf6 6. Nf3 Bg4 7. 0-0 e6 8. Bf4 Bd6 9. Bxd6 Qxd6 10. Nbd2 0-0 11. h3 Bh5 12. Re1 Rfe8 13. g4 Bg6 14. Bxg6 hxg6 15. Ne5 Qc7 16. h4 Nxe5 17. dxe5 Nd7 18. Nf3 Nc5 19. h5 gxh5 20. gxh5 Ne4 21. Kg2 Qb6 22. Qe2 Qa6 23. Qe3 Qb6 24. Qe2 Qd8 25. Rh1 Ng5 26. Nd4 Rc8 27. Rag1 Ne4 28. Kf1 Qc7 29. f3 Nc5 30. Nb5 Qe7 31. Nd6 Red8 32. Nxc8 Rxc8 33. Qg2 f6 34. h6 Rc7 35. hxg7 Qxg7 36. Qh2 Qxg1+ 37. Rxg1+ Rg7 38. exf6 Rxg1+ 39. Qxg1+ Kf7 40. Qg7+ Ke8 41. Qe7# 1-0

[Event "EU Union-ch U08"]
[Site "Roznov pod Radhostem"]
[Date "2024.08.10"]
[Round "6"]
[White "Petrov, Valery P"]
[Black "Dragoi, Aaron Mathias"]
[Result "0-1"]
[WhiteElo "1459"]
[BlackElo "1598"]
[PlyCount "118"]
[EventDate "2024.08.05"]
[EventType "swiss"]
[EventRounds "9"]
[EventCountry "CZE"]
[SourceTitle "EXT 2025"]
[Source "ChessBase"]
[SourceDate "2024.10.14"]
[SourceVersion "1"]
[SourceVersionDate "2024.10.14"]
[SourceQuality "1"]

1. e4 d5 2. exd5 Qxd5 3. Nc3 Qa5 4. d4 c6 5. Nf3 Bg4 6. Be2 Nf6 7. h3 Bh5 8. 0-0 e6 9. Bd2 Qc7 10. Bg5 Nbd7 11. Qd2 Be7 12. Rad1 0-0 13. Rfe1 Rad8 14. Nh2 Bxe2 15. Qxe2 Rfe8 16. Nf3 h6 17. Bh4 b5 18. a3 a5 19. Na2 Nb6 20. Ne5 Nbd5 21. Qf3 b4 22. axb4 axb4 23. c4 bxc3 24. bxc3 c5 25. c4 Nb6 26. Nc6 Rc8 27. Nxe7+ Qxe7 28. d5 Nxc4 29. dxe6 fxe6 30. Nc3 Qf7 31. Bxf6 Qxf6 32. Qe4 Qxc3 33. Rd3 Qb4 34. Rg3 Nd6 35. Qe5 Nf5 36. Rg6 Qd4 37. Qe2 Qd5 38. Qh5 Kh7 39. Rd1 Qb7 40. g4 Qf3 41. Rd7 Rg8 42. Rxe6 Rgf8 43. Rg6 Rg8 44. Rf6 Kh8 45. Rxf5 Qc6 46. Rff7 Rce8 47. Kh2 Re1 48. f3 Qb6 49. Rd2 c4 50. Rg2 Qb1 51. Qh4 Rh1+ 52. Kg3 Qe1+ 53. Rf2 Rg1+ 54. Kh2 c3 55. Rxg7 Kxg7 56. g5 hxg5 57. Qd4+ Kh7 58. Qd3+ Rg6 59. Qd7+ Kh6 0-1

[Event "EU-ch Schools U09"]
[Site "Limerick"]
[Date "2024.06.07"]
[Round "9"]
[White "Dragoi, Aaron Mathias"]
[Black "Sahin, Bora"]
[Result "1/2-1/2"]
[WhiteElo "1493"]
[BlackElo "1610"]
[PlyCount "44"]
[EventDate "2024.05.31"]
[EventType "swiss"]
[EventRounds "9"]
[EventCountry "IRL"]
[SourceTitle "CBM 220 Extra"]
[Source "ChessBase"]
[SourceDate "2024.07.31"]
[SourceVersion "1"]
[SourceVersionDate "2024.07.31"]
[SourceQuality "1"]

1. d4 d5 2. Nf3 Nf6 3. e3 Bf5 4. Bd3 Bxd3 5. Qxd3 c6 6. 0-0 Nbd7 7. b3 e6 8. c4 Bd6 9. Nbd2 0-0 10. e4 dxe4 11. Nxe4 Nxe4 12. Qxe4 Nf6 13. Qh4 Nd7 14. Qh3 Be7 15. Bf4 Bf6 16. Rad1 Qa5 17. d5 cxd5 18. cxd5 Nc5 19. Bd6 Rfe8 20. Qg4 Rac8 21. b4 Qa4 22. Bxc5 Rxc5 1/2-1/2

[Event "EU-ch Schools U09"]
[Site "Limerick"]
[Date "2024.06.05"]
[Round "7"]
[White "Dragoi, Aaron Mathias"]
[Black "Peray, Ata"]
[Result "0-1"]
[WhiteElo "1493"]
[BlackElo "1623"]
[PlyCount "42"]
[EventDate "2024.05.31"]
[EventType "swiss"]
[EventRounds "9"]
[EventCountry "IRL"]
[SourceTitle "CBM 220 Extra"]
[Source "ChessBase"]
[SourceDate "2024.07.31"]
[SourceVersion "1"]
[SourceVersionDate "2024.07.31"]
[SourceQuality "1"]

1. e4 e5 2. d4 exd4 3. Qxd4 Nc6 4. Qe3 Nf6 5. Nc3 Bb4 6. Bd2 0-0 7. 0-0-0 Re8 8. f3 d5 9. Be1 Be6 10. Qf2 d4 11. a3 Qe7 12. Nce2 Bc5 13. Qh4 Rad8 14. Nf4 Ne5 15. Nxe6 Qxe6 16. g4 Qa2 17. g5 Qa1+ 18. Kd2 Qxb2 19. Rc1 d3 20. gxf6 dxc2+ 21. Ke2 Qb5# 0-1

[Event "EU-ch Schools U09"]
[Site "Limerick"]
[Date "2024.06.03"]
[Round "4"]
[White "Dragoi, Aaron Mathias"]
[Black "Bhattacharjee, Krish"]
[Result "1-0"]
[WhiteElo "1493"]
[BlackElo "1581"]
[PlyCount "86"]
[EventDate "2024.05.31"]
[EventType "swiss"]
[EventRounds "9"]
[EventCountry "IRL"]
[SourceTitle "CBM 220 Extra"]
[Source "ChessBase"]
[SourceDate "2024.07.31"]
[SourceVersion "1"]
[SourceVersionDate "2024.07.31"]
[SourceQuality "1"]

1. e4 e5 2. Nc3 Nf6 3. g3 Nc6 4. Bg2 g6 5. Nge2 Bg7 6. d3 d6 7. 0-0 0-0 8. h3 h6 9. Be3 Be6 10. Qd2 Kh7 11. f4 Qd7 12. g4 exf4 13. Nxf4 g5 14. Nfe2 Ng8 15. Ng3 Nge7 16. Nh5 f6 17. Rf2 Rf7 18. Raf1 Raf8 19. a3 a5 20. Ne2 Ng6 21. Neg3 Nh4 22. c4 Ne5 23. Qc2 c5 24. Nf5 Bxf5 25. gxf5 Rg8 26. Qd2 Bf8 27. b3 g4 28. Kh2 Nef3+ 29. Bxf3 Nxf3+ 30. Rxf3 gxf3 31. Rxf3 Qe7 32. Bf4 b6 33. Bg3 Bg7 34. Nf4 Bf8 35. Nd5 Qd8 36. Qf4 Rg5 37. Bh4 Rh5 38. Qg4 Rxh4 39. Qxh4 Bg7 40. Qh5 Qe8 41. Qg6+ Kh8 42. Rg3 Qf8 43. Nf4 Qg8 1-0